[Event "Mukachevo Rating January 2019"]
[Site "Mukachevo"]
[Date "2019.01.13"]
[Round "8"]
[White "Martynyuk, Elizaveta"]
[Black "Kagramanianz, Vartan"]
[Result "0-1"]
[WhiteElo "2120"]
[BlackElo "2246"]
[Annotator "NA"]
[PlyCount "106"]
[EventDate "2019.01.09"]
[EventType "tourn"]
[EventCountry "UKR"]
[SourceTitle "playchess.com"]
[Source "ChessBase"]
[SourceQuality "1"]
[TimeControl "5400+30"]

1. e4 {[%emt 0:16:38]} c5 {[%emt 0:00:00]} 2. Nf3 {[%emt 0:00:08]} Nc6 {[%emt 0:00:00]} 3. d4 {[%emt 0:00:07]} cxd4 {[%emt 0:00:00]} 4. Nxd4 {[%emt 0:00:03]} e5 {[%emt 0:00:00]} 5. Nb5 {[%emt 0:00:04]} a6 {[%emt 0:00:05]} 6. Nd6+ {[%emt 0:00:15]} Bxd6 {[%emt 0:00:06]} 7. Qxd6 {[%emt 0:00:04]} Qe7 {[%emt 0:00:08]} 8. Qd1 {[%emt 0:00:11]} Nf6 {[%emt 0:00:08]} 9. Nc3 {[%emt 0:00:17]} d6 {[%emt 0:00:09]} 10. Bg5 {[%emt 0:01:50]} Be6 {[%emt 0:00:08]} 11. Be2 {[%emt 0:00:46]} O-O {[%emt 0:01:55]} 12. O-O {[%emt 0:00:09]} Rfd8 {[%emt 0:01:00]} 13. f4 {[%emt 0:03:36]} h6 {[%emt 0:03:19]} 14. Bxf6 {[%emt 0:00:34]} Qxf6 {[%emt 0:04:49]} 15. f5 {[%emt 0:00:20]} Bd7 {[%emt 0:08:34]} 16. Nd5 {[%emt 0:00:55]} Qg5 {[%emt 0:01:19]} 17. Rf3 {[%emt 0:01:28]} Rf8 {[%emt 0:18:44]} 18. Nb6 {[%emt 0:02:01]} Qd8 {[%emt 0:05:08]} 19. Nxa8 {[%emt 0:00:21]} Qxa8 {[%emt 0:00:01]} 20. c3 {[%emt 0:02:39]} Qd8 {[%emt 0:05:25]} 21. Kh1 {[%emt 0:00:37]} Qb6 {[%emt 0:03:41]} 22. b4 {[%emt 0:00:17]} Ne7 {[%emt 0:05:06]} 23. f6 {[%emt 0:00:11]} Ng6 {[%emt 0:00:45]} 24. fxg7 {[%emt 0:00:22]} Kxg7 {[%emt 0:00:54]} 25. Rd3 {[%emt 0:00:50]} Bc6 {[%emt 0:01:55]} 26. Rxd6 {[%emt 0:00:26]} Qe3 {[%emt 0:00:33]} 27. Qd3 {[%emt 0:01:43]} Qxe4 {[%emt 0:05:24]} 28. Qxe4 {[%emt 0:00:06]} Bxe4 {[%emt 0:00:04]} 29. Bf3 {[%emt 0:00:19]} Bxf3 {[%emt 0:02:07]} 30. gxf3 {[%emt 0:00:03]} Rc8 {[%emt 0:00:06]} 31. Rc1 {[%emt 0:00:22]} Nh4 {[%emt 0:01:21]} 32. Rg1+ {[%emt 0:01:13]} Ng6 {[%emt 0:00:16]} 33. Rd3 {[%emt 0:00:33]} Rc4 {[%emt 0:02:19]} 34. Rg4 {[%emt 0:00:13]} Rc7 {[%emt 0:00:05]} 35. a4 {[%emt 0:00:46]} h5 {[%emt 0:00:24]} 36. Rg1 {[%emt 0:00:17]} Kf6 {[%emt 0:00:19]} 37. Re1 {[%emt 0:00:38]} Kf5 {[%emt 0:00:33]} 38. Re4 {[%emt 0:03:47]} Nf4 {[%emt 0:01:14]} 39. Rde3 {[%emt 0:00:13]} f6 {[%emt 0:00:05]} 40. c4 {[%emt 0:00:06]} h4 {[%emt 0:00:49]} 41. Re1 {[%emt 0:02:53]} Rd7 {[%emt 0:00:29]} 42. c5 {[%emt 0:00:33]} Rd2 {[%emt 0:05:28]} 43. Rb1 {[%emt 0:01:31]} Rc2 {[%emt 0:01:39]} 44. Ree1 {[%emt 0:01:46]} Nd3 {[%emt 0:01:41]} 45. Rf1 {[%emt 0:01:18]} h3 {[%emt 0:02:09]} 46. Rb3 {[%emt 0:01:52]} Rd2 {[%emt 0:00:29]} 47. f4 {[%emt 0:00:29]} e4 {[%emt 0:01:08]} 48. b5 {[%emt 0:00:30]} axb5 {[%emt 0:02:06]} 49. Rxb5 {[%emt 0:02:25]} Kg4 {[%emt 0:09:12]} 50. Rxb7 {[%emt 0:00:44]} e3 {[%emt 0:00:10]} 51. Rg7+ {[%emt 0:06:22]} Kf5 {[%emt 0:00:21]} 52. Rgg1 {[%emt 0:01:18]} Nf2+ {[%emt 0:01:19]} 53. Rxf2 {[%emt 0:00:05]} exf2 0-1

[Event "Mukachevo Rating January 2019"]
[Site "Mukachevo"]
[Date "2019.01.14"]
[Round "9"]
[White "Tiba, Vladyslav"]
[Black "Oros, Robert"]
[Result "1/2-1/2"]
[WhiteElo "2405"]
[BlackElo "2312"]
[Annotator "ChessBase"]
[PlyCount "22"]
[EventDate "2019.01.09"]
[EventType "tourn"]
[EventCountry "UKR"]
[SourceTitle "playchess.com"]
[Source "ChessBase"]
[SourceQuality "1"]
[TimeControl "5400+30"]

1. e4 {[%emt 0:00:00]} c5 {[%emt 0:00:00]} 2. Nf3 {[%emt 0:00:00]} d6 {[%emt 0:00:00]} 3. d4 {[%emt 0:00:00]} cxd4 {[%emt 0:00:00]} 4. Nxd4 {[%emt 0:00:01]} Nf6 {[%emt 0:00:02]} 5. Nc3 {[%emt 0:00:04]} Nc6 {[%emt 0:00:08]} 6. Be2 {[%emt 0:00:31]} g6 {[%emt 0:00:08]} 7. O-O {[%emt 0:00:26]} Bg7 {[%emt 0:00:05]} 8. Be3 {[%emt 0:00:21]} O-O {[%emt 0:00:13]} 9. h3 {[%emt 0:01:48]} Bd7 {[%emt 0:00:55]} 10. Nb3 {[%emt 0:01:48]} a5 {[%emt 0:04:18]} 11. a4 {[%emt 0:00:46]} Rc8 {[%emt 0:00:37]} 1/2-1/2

[Event "Mukachevo Rating January 2019"]
[Site "Mukachevo"]
[Date "2019.01.14"]
[Round "9"]
[White "Becskei, Zoltan"]
[Black "Larkin, Vladyslav"]
[Result "0-1"]
[WhiteElo "2308"]
[BlackElo "2311"]
[Annotator "RC"]
[PlyCount "56"]
[EventDate "2019.01.09"]
[EventType "tourn"]
[EventCountry "UKR"]
[SourceTitle "playchess.com"]
[Source "ChessBase"]
[SourceQuality "1"]
[TimeControl "5400+30"]

1. e4 {[%emt 0:00:00]} c5 {[%emt 0:00:00]} 2. d4 {[%emt 0:00:00]} cxd4 {[%emt 0:00:01]} 3. c3 {[%emt 0:00:00]} Nf6 {[%emt 0:00:47]} 4. b3 {[%emt 0:00:49]} Nxe4 {[%emt 0:00:39]} 5. Bb2 {[%emt 0:00:10]} Nc6 {[%emt 0:01:28]} 6. Nf3 {[%emt 0:00:11]} e5 {[%emt 0:06:03]} 7. Bd3 {[%emt 0:00:20]} Nxc3 {[%emt 0:00:49]} 8. Nxc3 {[%emt 0:00:12]} Bb4 {[%emt 0:04:54]} 9. Qd2 {[%emt 0:00:21]} O-O {[%emt 0:00:17]} 10. O-O-O {[%emt 0:00:18]} dxc3 {[%emt 0:02:39]} 11. Bxc3 {[%emt 0:00:14]} Bxc3 {[%emt 0:00:05]} 12. Qxc3 {[%emt 0:00:04]} Qe7 {[%emt 0:15:05]} 13. h4 {[%emt 0:00:19]} e4 {[%emt 0:00:37]} 14. Ng5 {[%emt 0:01:32]} exd3 {[%emt 0:00:55]} 15. Qxd3 {[%emt 0:00:13]} g6 {[%emt 0:01:09]} 16. Nxh7 {[%emt 0:00:10]} Kxh7 {[%emt 0:00:20]} 17. h5 {[%emt 0:00:08]} Qa3+ {[%emt 0:02:28]} 18. Kb1 {[%emt 0:00:19]} Qxa2+ {[%emt 0:00:18]} 19. Kc1 {[%emt 0:00:06]} Qa1+ {[%emt 0:00:12]} 20. Kd2 {[%emt 0:00:21]} Qd4 {[%emt 0:00:23]} 21. hxg6+ {[%emt 0:00:12]} Kg8 {[%emt 0:00:05]} 22. gxf7+ {[%emt 0:00:19]} Rxf7 {[%emt 0:00:06]} 23. Rh4 {[%emt 0:00:30]} Qb2+ {[%emt 0:01:14]} 24. Ke3 {[%emt 0:00:53]} Qxf2+ {[%emt 0:00:10]} 25. Ke4 {[%emt 0:00:09]} Qxh4+ {[%emt 0:00:49]} 26. Kd5 {[%emt 0:00:03]} Nb4+ {[%emt 0:00:12]} 27. Kd6 {[%emt 0:00:04]} Qe7+ {[%emt 0:00:14]} 28. Kc7 {[%emt 0:00:35]} d5# {[%emt 0:00:07]} 0-1

[Event "Mukachevo Rating January 2019"]
[Site "Mukachevo"]
[Date "2019.01.14"]
[Round "9"]
[White "Kagramanianz, Vartan"]
[Black "Baidetskyi, Valentin"]
[Result "0-1"]
[WhiteElo "2246"]
[BlackElo "2387"]
[Annotator "TA"]
[PlyCount "88"]
[EventDate "2019.01.09"]
[EventType "tourn"]
[EventCountry "UKR"]
[SourceTitle "playchess.com"]
[Source "ChessBase"]
[SourceQuality "1"]

{[%evp 13,88,0,2,0,8,5,8,0,25,27,31,5,4,4,17,-30,59,50,156,152,162,121,159,142,146,153,166,124,107,116,204,194,300,299,286,266,302,204,202,189,198,173,710,620,450,301,306,6,119,21,23,4,4,-10,0,-33,0,-381,0,0,10,11,1134,10,14,15,18,0,0,-754,-748,-534,-334,-511,-405,-29973,-29974]} 1. d4 g6 2. Nf3 Bg7 3. c3 d6 4. h3 Nd7 5. e4 e5 6. dxe5 dxe5 7. Bc4 Ngf6 8. O-O {B06: Modern Defence} O-O 9. Re1 (9. Qc2 Qe7 10. b3 b6 11. a4 Bb7 12. Re1 a6 13. Nbd2 h6 14. Nf1 Rfd8 15. b4 c5 {1-0 (38) Foisor,C (2375)-Straub,N (2350) Herculane 1996}) 9... Qe7 $146 ({Predecessor:} 9... h6 10. Nbd2 Qe7 11. Nf1 Nb6 12. Bb3 Be6 13. Bxe6 Qxe6 14. Qb3 Qxb3 15. axb3 Nfd7 {½-½ (15) Barton,R (2145)-Lilley,G (2224) Millfield 2000}) 10. Nbd2 {The position is equal.} b6 11. a4 {[%cal Ba2a4,Ba4a5][%mdl 32]} Bb7 12. a5 a6 13. Bf1 b5 14. Qc2 Nh5 (14... Rfc8 $11) 15. b4 $14 f5 (15... Rfc8 $14) 16. c4 $16 c6 17. Rb1 {[%cal Ba1b1,Bb1b3,Bb3e3][%mdl 32]} Rae8 18. Rb3 Nf4 19. Bb2 Kh8 20. Rbe3 Qxb4 21. exf5 Rxf5 (21... gxf5 $16 {keeps fighting.} 22. Nxe5 Nxe5 23. Bxe5 Bxe5 24. Rxe5 Rxe5 25. Rxe5 Qd6) 22. Ne4 $18 Ne6 (22... Rff8 $142 23. Ba3 Qxa5) 23. Ba3 Qxa5 24. Nd6 $1 {[%csl LRb7,LRe8,LRf5][%mdl 64] Double Attack} Rxf3 25. Nxe8 Rxe3 26. Rxe3 {And now cxb5 would win.} Bh6 27. Rd3 Ndc5 $2 (27... Nd4 28. Rxd4 exd4) 28. Bxc5 Nxc5 {[#]} 29. cxb5 $1 {[%mdl 512]} Nxd3 (29... Qxb5 30. Rd8) 30. bxc6 $2 (30. Qxd3 $18 axb5 31. Qd7) 30... Qb6 (30... Qc5 $11 {keeps the balance.} 31. Qxc5 Nxc5 32. cxb7 Nxb7) 31. Qxd3 (31. cxb7 $16 Nxf2 32. Kh2 Nxh3 33. Kxh3 Qxb7 34. Qc7 Qxc7 35. Nxc7) 31... Qxc6 $11 32. Qd8 {Nf6+ would kill now.} Bf8 $132 {[%mdl 2048] Black is not holding back} 33. Nc7 {[%cal Rd8f8]} Kg7 34. Qb8 Be7 {[#]} 35. f3 $2 {[%mdl 8192]} (35. Ne6+ $1 $11 {[%mdl 512] and White has nothing to worry.} Qxe6 36. Qxb7) 35... Qb6+ $2 (35... Kh6 $19 36. Ne8 Bc8) 36. Kh2 {Strongly threatening Bc4.} e4 37. Ne8+ Kh6 $2 {[%mdl 8192] [#]} (37... Kf8 $11) 38. Qe5 $2 (38. Qf4+ $1 $18 g5 39. Qe5 (39. Qf7 Bd6+ 40. Kh1 Be5 $18)) 38... Qc5 $1 {[%cal Rc5e5]} 39. Qg7+ Kg5 $1 40. fxe4 Bxe4 {White must now prevent ...Bc6.} 41. Qxh7 $2 {[%mdl 8192]} (41. Qb2 $11) 41... Qe5+ $19 42. Kh1 Bc5 43. h4+ (43. Qc7 $142 Qxc7 44. Nxc7) 43... Kg4 {( -> ...Bxg2+!)} 44. Qf7 {[#]} (44. Qc7 $19 Qxc7 45. Nxc7) 44... Bxg2+ $1 {[%mdl 512] Accuracy: White = 36%, Black = 29%.} 0-1

[Event "Mukachevo Rating January 2019"]
[Site "Mukachevo"]
[Date "2019.01.14"]
[Round "9"]
[White "Petrovskiy, Vadim"]
[Black "Shkuran, Danylo"]
[Result "1/2-1/2"]
[WhiteElo "2205"]
[BlackElo "2359"]
[Annotator "NA"]
[PlyCount "32"]
[EventDate "2019.01.09"]
[EventType "tourn"]
[EventCountry "UKR"]
[SourceTitle "playchess.com"]
[Source "ChessBase"]
[SourceQuality "1"]
[TimeControl "5400+30"]

1. e4 {[%emt 0:00:00]} c6 {[%emt 0:00:00]} 2. d4 {[%emt 0:00:07]} d5 {[%emt 0:00:00]} 3. Nc3 {[%emt 0:00:23]} dxe4 {[%emt 0:00:02]} 4. Nxe4 {[%emt 0:00:09]} Bf5 {[%emt 0:00:09]} 5. Ng3 {[%emt 0:00:15]} Bg6 {[%emt 0:00:08]} 6. h4 {[%emt 0:00:18]} h6 {[%emt 0:00:09]} 7. h5 {[%emt 0:00:26]} Bh7 {[%emt 0:00:09]} 8. Nf3 {[%emt 0:00:08]} Nd7 {[%emt 0:00:02]} 9. Bd3 {[%emt 0:00:10]} Bxd3 {[%emt 0:00:08]} 10. Qxd3 {[%emt 0:00:10]} Ngf6 {[%emt 0:00:04]} 11. Bd2 {[%emt 0:00:13]} e6 {[%emt 0:00:08]} 12. O-O-O {[%emt 0:00:21]} Bd6 {[%emt 0:00:10]} 13. Ne4 {[%emt 0:00:17]} Nxe4 {[%emt 0:00:04]} 14. Qxe4 {[%emt 0:00:05]} Nf6 {[%emt 0:00:10]} 15. Qe2 {[%emt 0:00:12]} Qc7 {[%emt 0:00:10]} 16. g3 {[%emt 0:00:21]} O-O-O {[%emt 0:00:10]} 1/2-1/2

[Event "Mukachevo Rating January 2019"]
[Site "Mukachevo"]
[Date "2019.01.14"]
[Round "9"]
[White "Tran, David"]
[Black "Martynyuk, Elizaveta"]
[Result "0-1"]
[WhiteElo "2111"]
[BlackElo "2120"]
[Annotator "TA"]
[PlyCount "100"]
[EventDate "2019.01.09"]
[EventType "tourn"]
[EventCountry "UKR"]
[SourceTitle "playchess.com"]
[Source "ChessBase"]
[SourceQuality "1"]

{[%evp 21,100,6,12,-13,0,-34,-35,-70,8,-100,-97,-164,-117,-175,-118,-111,-108,-107,-101,-103,-61,-81,-71,-81,-48,-87,0,-10,-3,-11,-12,-56,-66,-55,-58,-56,-47,-249,-227,-246,-266,-266,-260,-255,-164,-234,-202,-256,-234,-566,-557,-553,-553,-556,-570,-561,-548,-662,-647,-947,-926,-1064,-1020,-869,-107,-801,-98,-91,613,-76,600,595,5607,5600,5122,5102,1836,1582,675,-29990,-29991]} 1. e4 c5 2. Nc3 Nc6 3. g3 g6 4. Bg2 Bg7 5. d3 e6 6. f4 d6 7. Nf3 Nge7 8. O-O O-O 9. Be3 Rb8 10. Qd2 b5 {[%cal Bb7b5,Bb5b4][%mdl 32]} 11. d4 b4 {LiveBook: 3 Games. B25: Closed Sicilian: 3 g3, lines without early Be3} 12. Ne2 Ba6 13. Rfd1 Qb6 {Black is slightly better.} 14. c3 (14. dxc5 dxc5 15. e5 f6 16. exf6 Bxf6 17. Rab1 Rbd8 18. Qe1 Rxd1 19. Qxd1 {0-1 (61) Alonso Moyano,J (2420)-Zhigalko,A (2603) Linares 2013}) 14... Na5 (14... bxc3 $15 15. bxc3 Na5 16. dxc5 dxc5) 15. cxb4 $146 (15. b3 $1 $11) ({Predecessor:} 15. b3 Bxe2 16. Qxe2 bxc3 17. Rac1 Nac6 18. dxc5 dxc5 19. Qf2 {1-0 (37) Emdin,M (1975)-Ivanov,R (2247) St Petersburg 2010}) 15... Nc4 $17 16. bxc5 (16. Qc1 $17 {was worth a try.}) 16... dxc5 ({Inferior is} 16... Nxd2 17. cxb6 Nxe4 18. bxa7 $11) ({Don't take} 16... Qxb2 17. Qxb2 Rxb2 18. Bf2 $17) 17. Qc3 (17. Qc1 $17) 17... Nxb2 (17... Qxb2 $19 18. Bd2 Rfd8) 18. Re1 Nd3 {Threatens to win with ...Qb2.} 19. Red1 Qb2 20. Qxb2 Rxb2 (20... Nxb2 {is more complex.} 21. Re1 Rfd8 22. Ne5 Bxe2 23. Rxe2 cxd4 24. Bc1 Nc4) 21. Rd2 Rxd2 22. Bxd2 Nb2 23. Kf2 Bxe2 ({Better is} 23... Rd8 $17 {[%cal Rc5d4]} 24. Bc3 Nd3+ 25. Kg1 cxd4 26. Nfxd4 e5 27. fxe5 Bxe5) 24. Kxe2 $11 cxd4 25. Rb1 d3+ 26. Ke3 Rd8 27. Rc1 Nc8 28. Ba5 Nb6 29. Bxb6 $2 (29. Nd2 $1 $15) 29... axb6 $19 30. e5 Bf8 {And now ...Bc5+ would win.} 31. Nd2 Bc5+ 32. Kf3 Ra8 33. Ra1 (33. Rc3 {was called for.}) 33... Bd4 34. Ke4 Bc3 35. Nb1 $2 (35. Ke3 Rc8 36. Bf3) 35... Ra4+ 36. Kf3 Bd4 37. Nd2 Nc4 {[%mdl 64] Discovered Attack} 38. Rd1 Ne3 39. Rc1 Nxg2 40. Ne4 Rxa2 41. Nf6+ Kg7 42. Rc8 Ne3 $2 (42... Ne1+ $19 43. Ke4 Bxe5 $1 {[%mdl 512]} 44. Ne8+ Kh6 45. Kxe5 d2) 43. Rg8+ $17 Kh6 {( -> ...d2)} 44. g4 {[#]} Nxg4 $2 {[%mdl 8192]} (44... Rf2+ $1 $17 45. Kxf2 Nxg4+ {[%mdl 64] Double Attack} 46. Kf3 Nxf6 47. exf6 Bxf6) 45. Nxg4+ {[%mdl 4096] Endgame KRB-KRN} Kh5 {[#]} 46. Rg7 $1 {[%csl LRf7,LRh7][%cal Rg7h7]} g5 {White must now prevent ...gxf4.} 47. Nf6+ {[%mdl 64] Double Attack} Kh6 48. Rxg5 {[%cal Rf6g8]} Rf2+ {[#]} 49. Kg3 $1 {[%cal Rf6g8]} Rxf4 50. h4 $4 {[%mdl 8192]} ({Weaker is} 50. Kxf4 Be3+ 51. Kxe3 Kxg5 $16) (50. Rh5+ $18 Kg6 51. Kxf4 Bxe5+ {[%mdl 64] Remove Defender} 52. Rxe5) 50... Rxf6 $1 {Accuracy: White = 26%, Black = 64%.} 0-1